000 00382nam a22001577a 4500
020 _a9788126453580
082 _aM3
_bJEE/N
100 _aJeevan Job Thomas
245 _aNidramoshanam/
_cby Jeevan Job Thomas
260 _aKottayam:
_bD C Books,
_c2016.
300 _a192p.
650 _aNovel Malayalam
650 _aLiterature Malayalam
650 _aLiterature
942 _cBK
999 _c181544
_d181544